[Event "Duisburg Grossenbaum op"]
[Site "Duisburg"]
[Date "2006.06.11"]
[Round "5"]
[White "Backes, Holger"]
[Black "Gaul, Alexander"]
[Result "1-0"]
[WhiteElo "1775"]
[BlackElo "1288"]
[PlyCount "89"]
[EventDate "2006.06.02"]
[EventType "swiss"]
[EventRounds "7"]
[EventCountry "GER"]
[SourceTitle "EXT 2007"]
[Source "ChessBase"]
[SourceDate "2006.11.23"]
[SourceVersion "1"]
[SourceVersionDate "2006.11.23"]
[SourceQuality "1"]

1. d4 d5 2. Bf4 Nf6 3. e3 Nc6 4. Nf3 Bg4 5. Be2 e6 6. h3 Bh5 7. 0-0 Bxf3 8. Bxf3 Bd6 9. Bxd6 Qxd6 10. Nd2 h5 11. g3 0-0-0 12. c4 g5 13. Bg2 Rdg8 14. c5 Qe7 15. a3 Nd7 16. b4 h4 17. g4 f5 18. f3 a6 19. Qb1 f4 20. Qd3 fxe3 21. Qxe3 Qf6 22. Nb3 Na7 23. f4 c6 24. a4 Rh6 25. Rae1 Qg7 26. Nc1 Kb8 27. fxg5 Qxg5 28. Qxg5 Rxg5 29. Rf7 Kc8 30. Nd3 Kd8 31. Ne5 Nxe5 32. Rxe5 Rxe5 33. dxe5 Kc8 34. Kf2 Kb8 35. Rf6 Rh7 36. Rxe6 Nc8 37. Rf6 Ne7 38. e6 Kc7 39. Bf1 Kd8 40. Bd3 Rh8 41. g5 Ke8 42. Kf3 Ng8 43. Rf7 Ne7 44. Kg4 Ng8 45. Rxb7 1-0

[Event "Duisburg Grossenbaum op"]
[Site "Duisburg"]
[Date "2005.05.15"]
[Round "4"]
[White "Weber, Max1111"]
[Black "Backes, Holger"]
[Result "1/2-1/2"]
[WhiteElo "2027"]
[BlackElo "1728"]
[PlyCount "40"]
[EventDate "2005.05.13"]
[EventType "swiss"]
[EventRounds "7"]
[EventCountry "GER"]
[SourceTitle "EXT 2006"]
[Source "ChessBase"]
[SourceDate "2005.11.24"]
[SourceVersion "1"]
[SourceVersionDate "2005.11.24"]
[SourceQuality "1"]

1. c4 Nf6 2. g3 g6 3. Bg2 Bg7 4. Nc3 d6 5. d3 0-0 6. Rb1 a5 7. a3 c6 8. b4 axb4 9. axb4 d5 10. cxd5 Nxd5 11. Nxd5 cxd5 12. Bb2 d4 13. Ra1 Rxa1 14. Qxa1 Qb6 15. Qa5 Qa6 16. Kd2 Bd7 17. Qxa6 bxa6 18. Nf3 Nc6 19. Ba3 Rb8 20. Rb1 Rb5 1/2-1/2

[Event "Ruhrhalbinsel op 19th"]
[Site "Essen"]
[Date "2004.05.21"]
[Round "4"]
[White "Backes, Holger"]
[Black "Villwock, Martin"]
[Result "1/2-1/2"]
[WhiteElo "1705"]
[BlackElo "2124"]
[PlyCount "136"]
[EventDate "2004.05.??"]
[EventType "swiss"]
[EventRounds "7"]
[EventCountry "GER"]
[SourceTitle "CBM 100 Extra"]
[Source "ChessBase"]
[SourceDate "2004.07.06"]
[SourceVersion "2"]
[SourceVersionDate "2004.07.06"]
[SourceQuality "1"]

1. d4 Nf6 2. Nf3 c5 3. e3 g6 4. c3 b6 5. Bd3 Bb7 6. Nbd2 Bg7 7. 0-0 0-0 8. e4 cxd4 9. cxd4 d6 10. Qe2 Nbd7 11. b4 e5 12. d5 Bh6 13. Nb3 Bxc1 14. Raxc1 a5 15. bxa5 bxa5 16. a4 Nh5 17. Qe3 f5 18. Qh6 Ng7 19. Ng5 Nf6 20. exf5 gxf5 21. Ne6 Nxe6 22. dxe6 e4 23. Bc4 d5 24. Bb5 Ng4 25. Qf4 Bc8 26. Nd4 Qf6 27. Rfd1 Ne5 28. Nc6 Ng6 29. Qd6 Qxe6 30. Qxd5 Qxd5 31. Rxd5 Be6 32. Rdc5 f4 33. Bc4 Bxc4 34. R1xc4 Rae8 35. f3 exf3 36. gxf3 Re1+ 37. Kf2 Rfe8 38. Rc2 Nh4 39. Nd4 Rh1 40. Rg5+ Kh8 41. Re2 Rxh2+ 42. Kf1 Rhxe2 43. Nxe2 Nxf3 44. Rxa5 Nd2+ 45. Kf2 Ne4+ 46. Kf3 Nd2+ 47. Kf2 f3 48. Nd4 Rd8 49. Ne6 Re8 50. Nd4 Rd8 51. Ne6 Rg8 52. Nf4 Rf8 53. Rd5 Rxf4 54. Rxd2 Rxa4 55. Kxf3 Ra7 56. Rg2 Rf7+ 57. Kg3 Rg7+ 58. Kh3 Rg6 59. Rxg6 hxg6 60. Kg4 Kh7 61. Kg5 Kg7 62. Kg4 Kh6 63. Kh4 g5+ 64. Kg4 Kg6 65. Kg3 Kf5 66. Kf3 Ke5 67. Kg4 Kf6 68. Kg3 Kf5 1/2-1/2